000 01078cad a22002175a 4500
001 L156460
008 120524e20120217 d f s i000 0 eng d
035 _a(Sirsi) u156460
041 0 _aeng
110 2 _aEurostat
_91416
245 0 0 _aConstruction output up by 12.4% in euro area
_h[electronic resource]
260 _c2012
490 0 _aEurostat News Release
_v(76/2012) 21 May 2012
520 _aIn the construction sector, seasonally adjusted production rose by 12.4% in the euro area and by 11.8% in the EU27 in March 2012, compared with the previous month. In February, production fell by 10.4% in the euro area and by 5.7% in the EU27. Compared with March 2011, output in March 2012 decreased by 3.8% in the euro area and by 3.9% in the EU27.
590 _aKA
650 2 4 _aEUROSTAT MONTHLY CONSTRUCTION INDEX
651 4 _aEurope
690 _aConstruction management
_96230
856 4 0 _uhttps://epp.eurostat.ec.europa.eu/cache/ITY_PUBLIC/4-21052012-AP/EN/4-21052012-AP-EN.PDF
_zView the release free of charge at http://epp.eurostat.ec.europa.eu
942 _n0
999 _c114261
_d114261